[Event "AUTO-OPEN-4211"]
[Site "http://www.queenalice.com/game.php?id=1626625"]
[Date "2020.9.11"]
[Round "1"]
[White "ECC2020"]
[Black "juki"]
[Result "1-0"]
[WhiteElo "2226"]
[BlackElo "1387"]

1. d4 Nf6 2. c4 e6 3. Nf3 Bb4+ 4. Nbd2 d5 5. Qa4+ Nc6 6. e3 Bd7 7. Qc2 O-O 8. a3
Bxd2+ 9. Bxd2 Ne4 10. Bd3 Nxd2 11. Nxd2 g6 12. h4 Kg7 13. h5 Qe7 14. O-O-O dxc4
15. Qxc4 e5 16. d5 Nd8 17. f4 c6 18. d6 Qxd6 19. Nf3 1-0

[Event "AUTO-MASTER-2927"]
[Site "http://www.queenalice.com/game.php?id=1626957"]
[Date "2020.9.14"]
[Round "2"]
[White "junipero"]
[Black "ECC2020"]
[Result "0-1"]
[WhiteElo "2108"]
[BlackElo "2240"]

1. d4 e6 2. c4 Nf6 3. Nc3 Bb4 4. Bd2 c5 5. e3 cxd4 6. exd4 O-O 7. a3 Bxc3 8.
Bxc3 d5 9. cxd5 Qxd5 10. Nf3 Nc6 11. Be2 b6 12. O-O Bb7 13. b4 Ne7 14. Nh4 Rac8
15. Bf3 Ne4 16. Bb2 g5 17. Bxe4 Qxe4 18. Nf3 Qc2 19. Qc1 Bxf3 20. gxf3 f6 21.
Rb1 Qf5 22. Qe3 Nd5 23. Qe4 Rc2 24. Rfc1 Rfc8 25. Rxc2 Rxc2 26. Qg4 b5 27. Qxf5
exf5 28. Kf1 Kf7 29. Bc1 Nc3 30. Ra1 Na2 31. Be3 f4 32. d5 fxe3 33. fxe3 Rxh2
34. Kg1 Rc2 35. e4 Rc1+ 36. Rxc1 Nxc1 37. Kf2 Nd3+ 38. Ke3 Nf4 39. Kd4 h5 40.
Ke3 Ke7 0-1

[Event "AUTO-MASTER-2927"]
[Site "http://www.queenalice.com/game.php?id=1626958"]
[Date "2020.9.14"]
[Round "2"]
[White "ECC2020"]
[Black "junipero"]
[Result "1-0"]
[WhiteElo "2230"]
[BlackElo "2082"]

1. d4 d5 2. c4 c6 3. Nf3 e6 4. b3 Nf6 5. e3 Be7 6. Qc2 O-O 7. Nc3 Nbd7 8. Bd3 h6
9. Bb2 b6 10. Rc1 Bb7 11. O-O Rc8 12. Ne5 dxc4 13. bxc4 Nxe5 14. dxe5 Ng4 15.
Ne2 Qc7 16. Qc3 a5 17. Bb1 Rfd8 18. Qc2 f5 19. Nf4 Kf7 20. Nxe6 Qd7 21. Qxf5+
Kg8 22. Qh7+ Kf7 23. Qg6+ 1-0

[Event "AUTO-OPEN-4212"]
[Site "http://www.queenalice.com/game.php?id=1626978"]
[Date "2020.9.15"]
[Round "1"]
[White "ChessColossos"]
[Black "ECC2020"]
[Result "0-1"]
[WhiteElo "1578"]
[BlackElo "2238"]

1. e4 c5 2. Nf3 Nc6 3. d4 cxd4 4. Nxd4 e6 5. Nc3 a6 6. Be2 Qc7 7. O-O b5 8.
Ndxb5 axb5 9. Nxb5 Qb8 10. Be3 Nf6 11. f3 d5 12. exd5 Nxd5 13. Bf2 Be7 14. c4
Nf4 15. a3 O-O 16. b4 Qe5 17. Re1 Rd8 18. Qc2 Nxb4 19. axb4 Rxa1 0-1

[Event "AUTO-OPEN-4212"]
[Site "http://www.queenalice.com/game.php?id=1626979"]
[Date "2020.9.15"]
[Round "1"]
[White "ECC2020"]
[Black "ChessColossos"]
[Result "1-0"]
[WhiteElo "2239"]
[BlackElo "1536"]

1. d4 e6 2. e4 d5 3. Nd2 Be7 4. Bd3 c5 5. e5 c4 6. Be2 Bb4 7. c3 Ba5 8. Nh3 Bd7
9. Nf3 h6 10. Bd2 Ne7 11. Nf4 b5 12. Nh5 Rg8 13. Qc2 Ng6 14. O-O Nc6 15. b3 cxb3
16. axb3 a6 17. b4 Bb6 18. Ra2 Nb8 19. Bd3 Nh4 20. Ne1 Nf5 21. g4 Nxd4 22. cxd4
Bxd4 23. Nf3 Qb6 24. Bh7 Bxf2+ 25. Rxf2 Qxf2+ 26. Kxf2 Nc6 27. Bxg8 Nd4 28. Nxd4
Bc6 29. Qxc6+ Kf8 30. Qxa8+ Ke7 31. Rxa6 Kd7 32. Ra7# 1-0

[Event "AUTO-OPEN-4212"]
[Site "http://www.queenalice.com/game.php?id=1627006"]
[Date "2020.9.15"]
[Round "1"]
[White "Dinda54"]
[Black "ECC2020"]
[Result "0-1"]
[WhiteElo "1653"]
[BlackElo "2248"]

1. e4 c5 2. d4 cxd4 3. Qxd4 Nc6 4. Qd1 Nf6 5. Bd3 d5 6. exd5 Nxd5 7. c3 e5 8. h3
Be6 9. Nf3 h6 10. Be4 f5 11. Bxd5 Qxd5 12. Nbd2 O-O-O 13. O-O e4 14. Nd4 Nxd4
15. cxd4 Kb8 16. Nb3 g5 17. Qh5 Bd6 18. Qd1 Bc7 19. Nc5 Qd6 20. Be3 Qh2# 0-1

[Event "AUTO-OPEN-4212"]
[Site "http://www.queenalice.com/game.php?id=1627007"]
[Date "2020.9.15"]
[Round "1"]
[White "ECC2020"]
[Black "Dinda54"]
[Result "1-0"]
[WhiteElo "2249"]
[BlackElo "1651"]

1. d4 d5 2. c4 e6 3. Nf3 Bb4+ 4. Nbd2 dxc4 5. a3 Bxd2+ 6. Bxd2 h6 7. e3 Qd5 8.
Rc1 b5 9. b3 cxb3 10. Rc5 Qd6 11. Ne5 Na6 12. Bxb5+ Kf8 13. Qf3 Nf6 14. Qxa8 b2
15. Qxc8+ Ke7 16. Rxc7+ Nxc7 17. Nc6+ Qxc6 18. Bb4+ Qd6 19. Qxc7+ Nd7 20. Qxd6+
Kf6 21. Qe7+ Kf5 22. Bd3+ 1-0

[Event "AUTO-MASTER-2994"]
[Site "http://www.queenalice.com/game.php?id=1627782"]
[Date "2020.9.22"]
[Round "1"]
[White "ECC2020"]
[Black "ratorei"]
[Result "1-0"]
[WhiteElo "2269"]
[BlackElo "2072"]

1. d4 Nf6 2. c4 d5 3. cxd5 Nxd5 4. e4 Nf6 5. e5 Nd5 6. Nc3 e6 7. Bd3 Bb4 8. Ne2
O-O 9. O-O c6 10. Qc2 g6 11. Bh6 Re8 12. Qd2 Bf8 13. Rac1 Bg7 14. h4 f6 15. h5
f5 16. Nxd5 exd5 17. Bg5 Qc7 18. Nf4 Qb6 19. hxg6 hxg6 20. Bb1 Be6 21. Nxg6 Kf7
22. Nh4 Nd7 23. Bxf5 Rh8 24. Qf4 Nf8 25. Bxe6+ Kxe6 26. Qf5# 1-0

[Event "AUTO-MASTER-2994"]
[Site "http://www.queenalice.com/game.php?id=1627783"]
[Date "2020.9.22"]
[Round "1"]
[White "ratorei"]
[Black "ECC2020"]
[Result "0-1"]
[WhiteElo "2064"]
[BlackElo "2281"]

1. e4 c5 2. Nf3 e6 3. d4 cxd4 4. Nxd4 Nf6 5. Nc3 Nc6 6. Bg5 Be7 7. Be2 Qa5 8.
Nxc6 bxc6 9. Bd2 Qc7 10. O-O O-O 11. Kh1 d5 12. exd5 exd5 13. Bf3 Bd6 14. Bg5
Be5 15. g3 Rb8 16. Rb1 h6 17. Bxf6 Bxf6 18. Qd2 Qa5 19. Rfd1 Rxb2 20. Ne4 Qxd2
21. Nxd2 Rxc2 22. Rbc1 Rxa2 23. Rxc6 Bg5 24. Nb3 Rxf2 25. Bxd5 Bh3 26. Rc7 Rd8
27. Rc5 Be3 28. Rb5 Bg2+ 29. Kg1 Rd2# 0-1

[Event "AUTO-MASTER-2994"]
[Site "http://www.queenalice.com/game.php?id=1627784"]
[Date "2020.9.22"]
[Round "1"]
[White "ECC2020"]
[Black "Rafale2000"]
[Result "1-0"]
[WhiteElo "2266"]
[BlackElo "1971"]

1. d4 Nf6 2. c4 c5 3. d5 b5 4. Nf3 Bb7 5. a4 bxc4 6. Nc3 e6 7. e4 exd5 8. exd5
d6 9. Bxc4 Be7 10. O-O Ba6 11. Bb5+ Bxb5 12. axb5 O-O 13. Nd2 Nbd7 14. Nc4 Nb6
15. Na5 a6 16. Nc6 Qd7 17. Rxa6 Rxa6 18. bxa6 Ra8 19. Bg5 Nfxd5 20. Nxd5 Bxg5
21. Nxb6 Qxc6 22. Nxa8 Qxa8 23. Qa4 1-0

[Event "AUTO-MASTER-2994"]
[Site "http://www.queenalice.com/game.php?id=1627785"]
[Date "2020.9.22"]
[Round "1"]
[White "Rafale2000"]
[Black "ECC2020"]
[Result "0-1"]
[WhiteElo "1998"]
[BlackElo "2251"]

1. e4 c5 2. Nf3 e6 3. d4 cxd4 4. Nxd4 Nf6 5. Nc3 Nc6 6. Ndb5 d6 7. Bg5 a6 8. Nd4
Be7 9. Bc4 Qa5 10. Be3 Nxe4 11. Ne2 d5 12. Bb3 O-O 13. O-O Nxc3 14. Nxc3 d4 15.
Bxd4 Rd8 16. Ne2 e5 17. Bc3 Rxd1 18. Bxa5 Rxa1 19. Rxa1 Nxa5 20. Bd5 Bf5 0-1

[Event "AUTO-MASTER-2994"]
[Site "http://www.queenalice.com/game.php?id=1627786"]
[Date "2020.9.22"]
[Round "1"]
[White "ECC2020"]
[Black "z3r0vulc4n"]
[Result "1-0"]
[WhiteElo "2250"]
[BlackElo "1888"]

1. d4 d5 2. c4 c6 3. cxd5 cxd5 4. Bf4 e6 5. e3 Bd6 6. Bg3 Bxg3 7. hxg3 Nf6 8.
Nc3 O-O 9. Bd3 Nc6 10. Bxh7+ Kh8 11. Qf3 Nxh7 12. Qh5 1-0

[Event "AUTO-MASTER-2994"]
[Site "http://www.queenalice.com/game.php?id=1627787"]
[Date "2020.9.22"]
[Round "1"]
[White "z3r0vulc4n"]
[Black "ECC2020"]
[Result "0-1"]
[WhiteElo "1901"]
[BlackElo "2286"]

1. d4 Nf6 2. c4 c6 3. Nc3 d5 4. Nf3 e6 5. e3 a6 6. Bd3 dxc4 7. Bxc4 b5 8. Bb3 c5
9. O-O Bb7 10. Bc2 Nbd7 11. Qd3 Rc8 12. dxc5 Bxc5 13. e4 Qc7 14. Re1 Ng4 15. Ne2
Bxf2+ 16. Kf1 Bxe1 17. Nxe1 Nxh2+ 18. Kg1 Ng4 19. a3 Qh2+ 20. Kf1 Qh1+ 21. Ng1
Nh2+ 22. Kf2 Nf6 23. Bd1 Nxe4+ 24. Ke3 Qxg1+ 25. Kf4 g5+ 26. Ke5 Qc5+ 0-1